Contabilidad internacional
Spremljeno u:
| Glavni autori: | , |
|---|---|
| Format: | Knjiga |
| Jezik: | španjolski |
| Izdano: |
Ciudad de México
McGraw-Hill Interamericana
2007
|
| Izdanje: | 1a. ed |
| Teme: | |
| Oznake: |
Dodaj oznaku
Bez oznaka, Budi prvi tko označuje ovaj zapis!
|
MARC
| LEADER | 00000nam a2200000 a 4500 | ||
|---|---|---|---|
| 001 | UCI5906 | ||
| 003 | CL-VaPUC | ||
| 008 | 080411e20070000MX |||||||||||||||||spa|d | ||
| 020 | |a 9789701061206 | ||
| 082 | 0 | 4 | |a 657 |b DOU |2 21 |
| 100 | 0 | |a Doupnik, Timothy |e author |9 528554 | |
| 700 | 0 | |a Perera, Héctor |e author |9 528555 | |
| 245 | 1 | 0 | |a Contabilidad internacional |
| 250 | |a 1a. ed | ||
| 300 | |a 639 p | ||
| 942 | |c BK | ||
| 945 | |d 20080411 00:00:00 |a jtorresc | ||
| 260 | |a Ciudad de México |b McGraw-Hill Interamericana |c 2007 | ||
| 650 | 0 | |a Contabilidad financiera |9 307017 | |
| 650 | 0 | |a Relaciones Internacionales |9 255740 | |
| 650 | 0 | |a Integración económica |9 255024 | |
| 650 | 0 | |a Análisis contable |9 430251 | |
| 650 | 7 | |a INFORMACION FINANCIERA |2 CL-VaPUC |9 386754 | |
| 650 | 7 | |a COMERCIO INTERNACIONAL |2 CL-VaPUC |9 528556 | |
| 583 | |a last modification |c 20080411 00:00:00 |k Rodrigo Vera | ||
| 999 | |c 329547 |d 329545 | ||
| 952 | |0 0 |1 0 |4 0 |6 657_000000000000000_DOU_2007 |7 0 |8 A |9 414419 |a BIBENE |b BIBENE |d 2019-11-22 |i 4427769 |o 657 DOU 2007 |p 4427769 |r 2025-01-15 |w 2019-11-22 |y BK |k ICO | ||
| 952 | |0 0 |1 0 |4 0 |6 657_000000000000000_DOU_2007 |7 0 |8 A |9 414420 |a BIBGIM |b BIBGIM |d 2019-11-22 |i 4500938 |o 657 DOU 2007 |p 4500938 |r 2025-01-15 |w 2019-11-22 |y BK |k COM | ||
| 952 | |0 0 |1 0 |4 0 |6 657_000000000000000_DOU_2007 |7 0 |8 A |9 414421 |a BIBGIM |b BIBGIM |d 2019-11-22 |i 4500946 |o 657 DOU 2007 |p 4500946 |r 2025-01-15 |w 2019-11-22 |y BK |k COM | ||